000 00274nam a22001217a 4500
008 170502b xxu||||| |||| 00| 0 eng d
041 _aeng
080 _22 ED
_a34
100 _a13
101 _aSHJ
245 _aFEDERAL PRACTICE DIGEST
_c,INN.ST.P
942 _2udc
_cBK
999 _c12373
_d12373